| 000 | 01045naa a2200289 c 4500 | ||
|---|---|---|---|
| 001 | 43274 | ||
| 003 | ES-MaCES | ||
| 005 | 20120920122900.0 | ||
| 008 | 120920n2012 xxk t 000 | eng d | ||
| 035 | _aCES20120008851v | ||
| 040 |
_aES-MaCES _bspa _cES-MaCES |
||
| 100 | 1 |
_aBougheas, Spiros _98176 |
|
| 245 | 1 | 0 |
_aSkilled worker migration and trade _b: inequality and welfare _cSpiros Bougheas and Douglas R. Nelson |
| 504 | _aBibliografía: p. 213-215 | ||
| 650 | 4 |
_abienestar _927033 |
|
| 650 | 4 |
_adesigualdad social _930789 |
|
| 650 | 4 |
_amodelo económico _927074 |
|
| 650 | 4 |
_acomercio _927943 |
|
| 650 | 4 |
_atrabajador altamente calificado _929249 |
|
| 650 | 4 |
_amigración _928635 |
|
| 653 | 1 | 0 | _aEstadísticas demográficas-Población-Movimientos migratorios |
| 700 | 1 |
_aNelson, Douglas R. _919567 |
|
| 773 | 0 |
_tThe world economy _gvol. 35, no. 2 (Feb. 2012){10214 R. 081708}; p. 197-215 _w(ES-MaCES)25728 _970203 |
|
| 902 | _aART Artículo de revista | ||
| 942 |
_2CES _cAR _h8.1. |
||
| 999 |
_c43274 _d43274 |
||